000 00585nam a2200229 a 4500
999 _c4612
_d4612
001 4612
003 BD-JhCC
005 20230202134024.0
008 171129s1958 u a|||| || | 001 0 eng d
035 _a(BD-JhCC)4612
040 _aBD-JhCC
_dBD-JhCC
041 _aeng
082 _a512.9
_bMOR 1958
100 _aMorgan, Frank M.
245 _aAlgebra 1 /
_cFrank M. Morgan & Burnham L. Paige
260 _aNew York :
_bHenry Holt and Company,
_c1958.
300 _a531 p. :
_c24 cm.
650 _aAlgebra
700 _aPaige, L. Burnham
942 _2ddc
_cBK
_01